<?xml version="1.0" encoding="UTF-8"?><?xml-stylesheet type="text/xsl" href="static/style.xsl"?><OAI-PMH xmlns="http://www.openarchives.org/OAI/2.0/" xmlns:xsi="http://www.w3.org/2001/XMLSchema-instance" xsi:schemaLocation="http://www.openarchives.org/OAI/2.0/ http://www.openarchives.org/OAI/2.0/OAI-PMH.xsd"><responseDate>2026-04-14T08:03:16Z</responseDate><request verb="GetRecord" identifier="oai:www.recercat.cat:20.500.12694/7046" metadataPrefix="marc">https://recercat.cat/oai/request</request><GetRecord><record><header><identifier>oai:recercat.cat:20.500.12694/7046</identifier><datestamp>2025-12-18T12:09:31Z</datestamp><setSpec>com_2072_179042</setSpec><setSpec>col_2072_484474</setSpec></header><metadata><record xmlns="http://www.loc.gov/MARC21/slim" xmlns:dcterms="http://purl.org/dc/terms/" xmlns:xsi="http://www.w3.org/2001/XMLSchema-instance" xmlns:doc="http://www.lyncode.com/xoai" xsi:schemaLocation="http://www.loc.gov/MARC21/slim http://www.loc.gov/standards/marcxml/schema/MARC21slim.xsd">
   <leader>00925njm 22002777a 4500</leader>
   <datafield ind2=" " ind1=" " tag="042">
      <subfield code="a">dc</subfield>
   </datafield>
   <datafield ind2=" " ind1=" " tag="720">
      <subfield code="a">Marigó i Sarrión, Carles</subfield>
      <subfield code="e">author</subfield>
   </datafield>
   <datafield ind2=" " ind1=" " tag="260">
      <subfield code="c">2011-12-19</subfield>
   </datafield>
   <datafield ind2=" " ind1=" " tag="520">
      <subfield code="a">Aquest projecte final proposa un recorregut per l'evolució dels estudis per a piano des de la segona meitat del segle XVIII fins a l'inici del segle XX. El treball està format per tres capítols de recerca històrica i un d'anàlisi de les obres del recital que acompanya la part escrita. Aquestes peces han estat analitzades a partir dels coneixements adquirits en la recerca. Per tant, a través del treball escrit es contextualitza i es justifica la selecció de les obres del concert.</subfield>
   </datafield>
   <datafield ind2=" " ind1=" " tag="520">
      <subfield code="a">Este proyecto final propone un recorrido por la evolución de los estudios para piano desde la segunda mitad del siglo XVIII hasta los principios del siglo XX. El trabajo está compuesto por tres capítulos de investigación histórica y uno de análisis de las obras del recital que acompaña la parte escrita. Estas piezas han sido analizadas partiendo de los conocimientos adquiridos en la investigación. Por lo tanto, a través del trabajo escrito se contextualiza y justifica la selección de las obras del concierto.</subfield>
   </datafield>
   <datafield ind2=" " ind1=" " tag="520">
      <subfield code="a">This final project offers a journey through the evolution of the piano studies from the second half of the 18th century to the early 20th century. Its content is constructed of three chapters of historical research and one chapter of analysis of the works of the recital, which accompanies the written part. These pieces have been analyzed based on the knowledge acquired during the research. Therefore, the written work contextualizes and justifies the selection of the works for the concert.</subfield>
   </datafield>
   <datafield ind1="8" ind2=" " tag="024">
      <subfield code="a">http://hdl.handle.net/20.500.12694/7046</subfield>
   </datafield>
   <datafield tag="653" ind2=" " ind1=" ">
      <subfield code="a">TFG Música clàssica i contemporània</subfield>
   </datafield>
   <datafield tag="653" ind2=" " ind1=" ">
      <subfield code="a">Piano, Música per a--Història i crítica</subfield>
   </datafield>
   <datafield tag="653" ind2=" " ind1=" ">
      <subfield code="a">Piano--Estudis i exercicis</subfield>
   </datafield>
   <datafield tag="653" ind2=" " ind1=" ">
      <subfield code="a">Piano, Música per a--S. XVIII</subfield>
   </datafield>
   <datafield tag="653" ind2=" " ind1=" ">
      <subfield code="a">Piano, Música per a--S. XIX</subfield>
   </datafield>
   <datafield tag="653" ind2=" " ind1=" ">
      <subfield code="a">Piano, Música per a--S. XX</subfield>
   </datafield>
   <datafield ind2="0" ind1="0" tag="245">
      <subfield code="a">L'evolució dels estudis per a piano: del taller al gran repertori de concert</subfield>
   </datafield>
</record></metadata></record></GetRecord></OAI-PMH>